[Event "Saint Louis Spring-A"]
[Site "Saint Louis"]
[Date "2022.03.05"]
[Round "4"]
[White "Sevian, Samuel"]
[Black "Swiercz, Dariusz"]
[Result "1/2-1/2"]
[WhiteElo "2684"]
[BlackElo "2656"]
[Annotator "Kapnisis,Spyridon"]
[PlyCount "182"]
[EventDate "2022.03.02"]
[EventType "tourn"]
[EventRounds "9"]
[EventCountry "USA"]
[EventCategory "16"]
[SourceTitle "CBM 207 Extra"]
[Source "ChessBase"]
[SourceDate "2022.05.31"]
[SourceVersion "1"]
[SourceVersionDate "2022.05.31"]
[SourceQuality "1"]

1. c4 e6 2. Nc3 d5 3. d4 Bb4 4. cxd5 exd5 5. Bf4 c6 (5... c5 $5 {is a more dynamic way to handle the position} 6. e3 (6. dxc5 $5 Nf6 7. e3 O-O 8. Bd3 Nc6 9. Nge2) 6... c4 $5 7. Nge2 Nc6 8. a3 Ba5 9. b4 cxb3 10. Qxb3 Be6 $13 {1/2 (28) Nakamura,H (2736)-Anton Guijarro,D (2693) Warsaw POL 2021}) (5... Ne7 6. e3 (6. Qa4+ $5 Nbc6 7. e3 Bf5 8. Nf3 O-O 9. Be2 $14) 6... O-O 7. Nf3 c6 8. Qb3 Bd6 9. Bxd6 Qxd6 10. Bd3 b6 11. Qc2 h6 12. O-O Ba6 13. Ne5 Bxd3 14. Nxd3 Nd7 $14 {1/2 (101) Leko,P (2674)-Georgiadis,N (2514) Biel SUI 2019}) 6. e3 Ne7 7. Qb3 (7. Bd3 Bf5 8. Nge2 O-O 9. O-O Bd6 10. Bxd6 Qxd6 11. b4 a6 $13 {1-0 (54) Nakamura,H (2736)-Maghsoodloo,P (2701) Warsaw POL 2021}) (7. h4 $5 Bd6 8. Qf3 Qc7 9. Bxd6 Qxd6 10. h5 h6 11. Bd3 Nd7 12. Nge2 $14 {1-0 (58) Tabatabaei,M (2624)-Zawadzka,J (2407) Sharjah UAE 2021}) (7. Nf3 Bf5 (7... Ng6 $5 8. Bg3 Bf5) 8. Qb3 $1 Qb6 9. Be2 (9. a3 Ba5 10. Qa2 Qd8 11. b4 Bc7 12. Bxc7 Qxc7 13. Nh4 $5 $14) 9... Nd7 $2 (9... Ng6 10. Bg3 Nd7 $13) 10. O-O $16 {[%cal Yc3a4] 1-0 (60) Keymer,V (2602)-Maurizzi,M (2488) chess24.com INT 2021}) 7... Bd6 8. Bxd6 Qxd6 9. Bd3 {[#]} b6 $5 {[%cal Yc8a6] Black weakens his pawn structure permanently but at the same time he will manage to exchange his problematic light-squared bishop.} (9... Nd7 10. Nf3 Nf6 11. O-O O-O {[%cal Ya8b8,Yc8f5] is another way for black to complete his development. White will contine by organizing his typical minority attack on the queenside and should have slightly better chances.}) 10. Rc1 Ba6 11. Bxa6 Nxa6 12. Nf3 (12. Nge2 Nc7 13. Nf4 O-O 14. O-O Ne6 15. Nce2 $14 {White will double his rooks on the c file and try to apply pressure to c6.}) 12... O-O 13. O-O Nc7 14. Rfe1 (14. Rfd1 $14 {[%cal Yd1d2,Yb3d1,Yd2c2]}) 14... Ne6 15. Qc2 $146 (15. Re2 $5 {[%cal Yb3a4,Ye2d2,Yd2c2]}) ({RR} 15. Qa4 Rac8 16. b4 Rc7 17. Rc2 Rfc8 18. Rec1 h6 19. Ne5 Nf5 20. Nd3 Ng5 21. Qb3 Ne6 22. Qb1 Qd8 23. a4 Qg5 24. Ne2 Nd6 25. Ne5 c5 26. Nf3 Qd8 27. dxc5 bxc5 28. b5 Nc4 29. Qa1 Rd7 {Navara,D (2707)-Hou,Y (2595) Prague 2013 ½-½ (41)}) 15... Rac8 {[#]} 16. Rcd1 {By placing his rooks on e1 and d1 white makes it obvious that he will try to play e4, a plan which shouldn't really worry black.} (16. Red1 Rfd8) 16... Rfd8 17. a3 Qc7 (17... c5 $5 18. h4 (18. dxc5 bxc5 $13 {[%cal Yd6b6,Yd5d4]}) 18... c4 $5 19. Ng5 Nf8 20. e4 h6 21. Nf3 Ne6 $13) 18. e4 $6 (18. Rd2 $5 {[%cal Ye1c1]}) 18... c5 $5 (18... dxe4 19. Qxe4 Rd6 $13) 19. exd5 {[#]} Nxd4 (19... Nxd5 {Would keep the position symmetrical and equal.} 20. dxc5 (20. Nxd5 Rxd5 $13) 20... Nxc3 21. cxb6 Qxb6 22. bxc3 Rxd1 23. Rxd1 Qa5 $11) 20. Qe4 (20. Nxd4 cxd4 21. Rxd4 Nxd5 $11) 20... Nef5 21. Nb5 Nxb5 22. Qxf5 Nd6 23. Qc2 Re8 {[#]} 24. Ne5 {With the passed on d5 blocked white will try to create some chances by placing his knight on c6. Although white's position looks better it is not eas to make progress because black has no serious weaknesses. Furthermore white must be careful because in some endings his pawn on d5 may be proven a weakness and not an asset.} Qe7 25. h3 h6 26. Kf1 Qc7 {protects a7 and d6 but looks a bit passive. Especially after Nc6 black queen will lack mobility.} (26... Qg5 $5 27. Nc6 Rxe1+ 28. Rxe1 Re8 29. Rxe8+ Nxe8 $11) 27. Nc6 (27. a4 $5) 27... Qd7 $6 {[#]} (27... Rxe1+ 28. Rxe1 Re8 $11) 28. Qa4 $1 {White correctly tries to provoke black into pushing his queenside pawns in order to make them more prone to attack.} a5 29. Qb3 (29. Qf4 $5) 29... Qc7 30. Kg1 {[#]} c4 $6 {Black's attempt to mobilize his pawn majority in the queenside looks like it is destined to fail and will only weaken black's pawn structure. Instead of pushing c4 black should have tried to exchange rooks and put d5 under pressure} (30... Rxe1+ 31. Rxe1 Re8 32. Rxe8+ Nxe8 $11 {[%cal Ye8f6]}) 31. Qc3 {[#]} Qd7 $6 (31... a4 $1 $14 {[%cal Yb6b5] By placing his pawns in b5,c4,a4 black would have less weaknesses to worry in the queenside}) 32. Qd4 Qc7 (32... b5 33. Nxa5 $16) 33. a4 $16 {By playin a4 white tarets as weaknesses black pawns b6 and c4.} Kf8 34. Qc3 (34. h4 $5 $16 {[%cal Yh4h5] Gaining more space in the kingside could have been a way for white to improve his position} Kg8 35. h5 Kf8 36. Qf4 Kg8 (36... Qd7 $2 {[#]} 37. Re6 $1 $18) 37. f3 Qd7 38. Kf2 Kh8 39. g4 f6 (39... b5 40. axb5 Nxb5 41. Ne5 Qa7+ 42. Qe3 Qxe3+ 43. Rxe3 Nd6 44. Ra1 $18) (39... Kg8 40. g5 $1 (40. Rd2 $5 {[%cal Yd2e2]} Rxe1 41. Kxe1 Re8+ 42. Re2 Rxe2+ 43. Kxe2 $18 {With a difficult ending for black because of his pawn weaknesses on b6 and c4.}) 40... hxg5 41. Qxg5 f6 42. Qg6 Qf7 43. Rxe8+ Rxe8 44. Rc1 $18) 40. Rxe8+ Rxe8 41. Re1 Rxe1 42. Kxe1 Kg8 43. Qe3 $18) 34... Kg8 35. Rc1 Qd7 36. Qd4 Qc7 37. Qf4 Qd7 38. Rcd1 Qc7 39. Kh1 Qd7 {[#]} 40. Re3 $2 {This allows black to exchange rooks under favourable circumstances.} (40. Kg1 $5 $16 {[%cal Yg1f1,Yf4d4]}) 40... Rxe3 $1 41. Qxe3 Re8 $1 42. Qxb6 {[#]} Re2 $2 (42... Qf5 $1 {This was the right way for black to create counterplay.} 43. Nxa5 (43. f3 Qc2 $44 {[%cal Yd6f5]}) (43. Kg1 Kh7 $1 $44 {[%cal Ye8e2]} (43... Re2 $2 44. Qd8+ Kh7 45. Rf1 $18)) 43... Ne4 44. Kg1 c3 $1 45. bxc3 Nxc3 46. Ra1 Qxd5 $11) 43. Kg1 (43. Rf1 $2 Ne4 44. Qd4 Qd6 $1 {[%cal Ye4f2]} 45. Kg1 Ng3 $1 46. fxg3 Qxg3 47. Rf2 Re1+ $11) 43... Kh7 44. Nd4 (44. Kf1 $5) 44... Re5 45. Nb5 Nf5 46. Qc7 Qe8 47. Qxc4 (47. Kf1 $5 Re2 48. Qf4 $18) 47... Re1+ 48. Rxe1 Qxe1+ 49. Qf1 Qd2 {Position is objectively winning for white but he should be careful because black's active pieces provides him some saving chances.} 50. Qb1 g6 51. Nc3 Kg7 {[#]} 52. Qa1 $6 (52. Qd1 $1 {Sacrificing the useless b2 pawn in order to strengthen the already passed pawn on d5 is clearly the best technical way to continue with white.} Qxb2 (52... Qxd1+ 53. Nxd1 Kf6 54. Ne3 Ke5 55. Nc4+ (55. Nxf5 $18) 55... Kxd5 56. Nxa5 $18) 53. Nb5 $18 {[%cal Yd5d6] White's passed pawn is put in motion giving white an easily winning position.}) 52... Nd6 53. Nb5 $6 (53. b3 Kg8 54. Nb5 Ne4 55. Qd4 $18) 53... Ne4 {[#]} 54. Qf1 $2 {This is white's first serious mistake which gives black real saving chances.} (54. b4+ $1 f6 (54... Kg8 55. Qd4 $1 Qe1+ (55... Qc1+ 56. Kh2 Nd2 (56... Qf4+ 57. g3 Qf3 58. Qe3 $1 $18) 57. h4 $18) 56. Kh2 Nxf2 57. d6 h5 58. d7 Ng4+ 59. Qxg4 $1 $18) 55. Qd4 $1 Qe1+ 56. Kh2 Nxf2 57. Qa7+ (57. bxa5 $2 h5 $1 {[%cal Yf2g4]} 58. Qc4 g5 $11 {[%cal Yh5h4]}) (57. Na3 $1 $18 {[%cal Ya3c2] Kicking black's queen out of e1 is another way for white to put an end to black's threats.}) (57. d6 $2 h5 $1 $11 {[%cal Yf2g4]}) 57... Kg8 58. Qb8+ Kg7 59. Qc7+ Kg8 60. Qd8+ Kg7 61. Qd7+ Kf8 (61... Kg8 62. Qe6+ $18) 62. Nd6 {With the white queen covering the g4 square there is no threat of perpetual checks and white wins easily.}) (54. b3+ f6 55. Qd4 Qe1+ 56. Kh2 Nxf2 57. Nd6 $16 h5 58. Qf4 $1 g5 59. Qe3 $1 $18) 54... Qxb2 $6 (54... Qxd5 $5 55. Qe1 h5 $14 56. Qxa5 $2 Qd1+ 57. Kh2 Nd2 {Creates enough counteplay to secure the draw.}) (54... h5 $5 $14) 55. Qe1 {[#]} (55. d6 Qd2 $11) (55. f3 Nc5 56. Qd1 Qe5 {With good chances to hold.}) 55... Qb4 $2 (55... Nc5 $1 56. d6 Nd3 57. Qf1 (57. Qe3 Qa1+ 58. Kh2 Qe5+ 59. Qxe5+ Nxe5 60. f4 Nd7 61. Nd4 Nb6 62. Nb3 Kf8 63. Nc5 Nc4 64. d7 Ke7 65. f5 (65. Kg3 f5 $11 {[%cal Yc4b6]}) 65... Nb6 66. Kg3 Nxd7 67. Nxd7 Kxd7 68. Kf4 Kd6 $11) 57... Qd2 $1 58. Qa1+ f6 59. Qd4 Qe1+ 60. Kh2 Qe5+ 61. Qxe5 Nxe5 62. Kg3 Kf7 63. Kf4 Ke6 64. Ke4 Nc4 65. Kd4 Nb2 (65... Nxd6 $2 66. Nxd6 Kxd6 67. Kc4 Kc6 68. g4 $18) 66. Kc5 Kd7 (66... Nxa4+ 67. Kc6 $18) (66... Nd3+ 67. Kb6 $18) 67. Nc3 f5 $1 68. Kd5 (68. Kb6 Kxd6 69. Kxa5 Kc6 {holds for black}) 68... Nd3 69. Nd1 Nf4+ 70. Ke5 Nxg2 71. Nb2 Ne1 72. f4 g5 $1 73. fxg5 hxg5 74. Kxf5 Kxd6 75. Kxg5 Ng2 $1 $11 (75... Kd5 $1 76. Kg4 (76. h4 Nf3+ 77. Kg4 Nxh4 $11) 76... Nc2 77. h4 Nd4 $1 78. h5 Ke6 $11)) 56. Qxb4 axb4 {[#]} 57. a5 $2 (57. Nd4 $1 {White should have tried to block black's passed pawn} Kf8 (57... Nc5 58. a5 Kf8 {Simply transposes}) 58. a5 Nc5 59. Kf1 Ke8 (59... b3 60. Nxb3 $1 Nxb3 61. a6 Nd2+ 62. Ke2 Nc4 63. Kd3 Nb6 64. d6 Ke8 65. Kd4 Nc8 (65... f6 66. Kc5 Nc8 67. Kc6 $18) 66. Ke5 $1 $18 {[%cal Ye5f6]} (66. Kc5 $2 Kd7 $11)) 60. Ke2 Kd7 61. Nc6 b3 62. Kd2 Kd6 63. Nb4 $18 {With white saving both of his passed pawns and black's b3 under control white should be winning without too much trouble.}) 57... Nc5 $2 (57... b3 $1 58. a6 b2 59. Na3 Nc3 60. a7 Nb5 $1 {Black forces a queen ending which greatly improves his saving chances.} 61. a8=Q Nxa3 62. Qxa3 b1=Q+ 63. Kh2 Qf5 $16) 58. Kf1 (58. Nd4 $5 {See 57.Nd4}) 58... b3 59. Ke2 b2 {[#]} 60. Nc3 $2 (60. Na3 $1 {Was still enough to give white a winning advantage.} Kf6 61. Kd1 Ke5 62. Nc4+ $1 {White gets the b2 pawn with his knight making it possible for the white king to run to the kingside.} Kxd5 63. Nxb2 Kc6 64. Ke2 Kb5 65. Ke3 Kxa5 66. Nc4+ Kb5 67. Ne5 Kb6 68. Nxf7 h5 69. h4 $18 {[%csl Rg6]}) 60... Kf6 61. Kd1 {[#]} Na4 $1 {Important defensive move which gains for black some valuable time.} 62. Nb1 Ke5 63. a6 Kxd5 64. a7 Nb6 65. Kc2 Kc6 66. Kxb2 Kb7 $11 67. Kc3 (67. Nd2 Kxa7 68. Nf3 Nd5 69. Ne5 (69. g3 Nf6 $11 {[%cal Yf6e4]}) 69... Nf4 $11) 67... Nd5+ 68. Kd4 Nf4 69. Nc3 Nxg2 70. Ke5 Kxa7 71. Ne2 Kb6 (71... g5 $5 72. Kf6 Ne1 73. Kxf7 Nd3 74. f3 Ne5+ 75. Kg7 Nxf3 76. Kxh6 g4 77. hxg4 Ne5 $11) 72. Kf6 Kc5 73. Kxf7 {[#]} Kd5 $5 {Black pawns will be lost even if g5 is played so black sacrifices both of his pawns to activate his kin and go after the white pawns.} (73... g5 74. Kg6 Kd5 $1 75. Kxh6 Ke4 76. Kxg5 Kf3 77. Nc3 Kxf2 $11) 74. Kxg6 Ke4 75. Ng1 (75. Kxh6 Kf3 $11) 75... Nf4+ 76. Kxh6 {[#]} Kf5 $1 (76... Nd3 $2 77. h4 Nxf2 78. Kg6 $18) 77. f3 (77. Kg7 Nd3 (77... Kg5 $5 $11) 78. f3 Nf4 79. h4 Ke6 $11 {[%csl Rg1] Black has a perfect fortress with white's knight completely immobilized.}) (77. h4 Kg4 $11) 77... Kf6 78. h4 Kf5 {White tried to break black's blockade but this was not possible an soon the game concluded as a draw.} 79. Kg7 (79. h5 Kf6 $11) 79... Ne6+ 80. Kf7 Nf4 81. Kg7 Ne6+ 82. Kh7 Nf4 83. Kh6 Kf6 84. h5 Kf5 85. Ne2 Nxe2 86. Kg7 Nf4 87. h6 Ne6+ 88. Kg8 Ng5 89. h7 Nxh7 90. Kxh7 Kf4 91. Kg7 Kxf3 1/2-1/2

[Event "PCA-Wch Candidates m4"]
[Site "New York"]
[Date "1994.??.??"]
[Round "5"]
[White "Kamsky, Gata"]
[Black "Kramnik, Vladimir"]
[Result "1/2-1/2"]
[WhiteElo "2695"]
[BlackElo "2710"]
[Annotator "Ftacnik,Lubomir"]
[PlyCount "100"]
[EventDate "1994.06.??"]
[EventType "match"]
[EventRounds "6"]
[EventCountry "USA"]
[SourceTitle "CBM 042"]
[Source "ChessBase"]
[SourceDate "1994.10.01"]
[SourceVersion "1"]
[SourceVersionDate "1994.10.01"]
[SourceQuality "1"]

1. d4 {Donev,Ivo Hristov} d5 2. c4 c6 3. Nc3 e6 4. e4 dxe4 5. Nxe4 Bb4+ 6. Bd2 Qxd4 7. Bxb4 Qxe4+ 8. Be2 c5 (8... Nd7 9. Nf3 c5 10. Bc3 Ne7 11. O-O O-O 12. Bd3 Qc6 13. Re1 Ng6 14. Ng5 e5 15. Qc2 Re8 16. f4 Nxf4 17. Bxh7+ Kf8 18. g3 Ne6 19. Be4 Qb6 20. Nxe6+ Qxe6 21. Bd5 Qh6 22. Qf2 f6 23. Rad1 Rb8 24. b4 b6 25. Bc6 {Belozerov,A-Ivanov,Se/St.Petersburg op (5)/1994/0-1 (53)}) (8... Na6 9. Bc3 Ne7 10. Nf3 O-O 11. O-O f6 12. b4 Qf4 13. a3 Ng6 14. Bd3 e5 15. Bd2 Qg4 16. Re1 Qd7 17. Qc2 Rd8 18. Bxg6 hxg6 19. Qxg6 Qf5 20. Qxf5 Bxf5 21. Be3 Nc7 22. Red1 b6 23. Rd2 Ne6 24. Rad1 Rxd2 25. Rxd2 {Malaniuk,V-Matlak,M/Wisla BES (06)/1992/0.5 (25)}) 9. Bc3 (9. Bxc5 Qxg2 10. Bf3 (10. Qd4) (10. Qd6) 10... Qg5) ({RR} 9. Bxc5 Nd7 10. Bd6 Qxg2 11. Bf3 Qg5 12. h4 Qf6 ({RR} 12... Qf5 13. Qb3) 13. Qb3 ({RR} 13. Qd2 Ne5) ({RR} 13. Qe2 Ne7 14. O-O-O Nf5 15. Ba3 Nd4 16. Qe3 Nxf3 17. Nxf3) 13... Ne7 14. Ne2 ({RR} 14. Be4 Nf5 15. Bxf5 Qxf5 16. O-O-O b6 17. Qg3) 14... O-O 15. Ng3 Ne5 16. Be4 N5c6 ({RR} 16... Re8 17. Nh5 Qh6 18. Qb5 N7c6 ({RR} 18... N5c6 19. Bf4) 19. Bxe5 Qxh5 20. Bxg7 Qg4) 17. Bxc6 bxc6 18. Nh5 Qf5 ({RR} 18... Qg6 19. Bxe7 Re8 20. Bf6 Qxh5 21. Rg1 g6 22. Rg5 Qh6 23. Rd1) 19. Bxe7 Re8 ({RR} 19... Qe4+ 20. Kd2 Qd4+ 21. Kc1 Re8 22. Rg1 Kh8 23. Rxg7 Rxe7 24. Qc2) 20. Nf6+ gxf6 21. Rg1+ Kh8 22. O-O-O Ba6 23. Qe3 Rxe7 {Dreev,A (2645)-Sveshnikov,E (2575) St Petersburg 1998 CBM 067 [Donev,Ivo Hristov] 1-0 (37)}) ({RR} 9. Bxc5 Na6 10. Bd4 Nf6 11. Nf3 Bd7 12. O-O Bc6 13. Bd3 Qg4 14. h3 Bxf3 15. hxg4 Bxd1 16. Raxd1 Nxg4 17. Bxg7 Rg8 18. Bc3 f5 19. Rfe1 Kf7 20. Bxf5 exf5 21. Rd7+ Kg6 22. Re6+ Kg5 23. Bd2+ f4 {Chernobay,A (2454)-Micic,C (2364) chess.com INT 2024 1-0 (32)}) 9... f6 (9... Ne7 10. Nf3 O-O 11. O-O f6 12. Bd3 Qf4 13. Re1 Nbc6 14. Nd2 Rd8 15. Ne4 f5 16. g3 Qc7 17. Ng5 e5 18. Qh5 h6 19. Qf7+ Kh8 20. Nf3 Nd5 21. Ng5 Nde7 22. h4 hxg5 23. hxg5 Be6 24. Qxe6 Nd4 25. Bxd4 $18 {Sokolov,I-San Segundo,P/Madrid (06)/1994/1-0 (34)}) 10. Nf3 Qf4 11. O-O Nc6 $146 ({RR} 11... Ne7 12. Bd3 Nbc6 13. Re1 Bd7 14. a3 O-O-O 15. b4 Nd4 16. Bxd4 cxd4 17. b5 Kb8 18. c5 Qc7 19. Rc1 e5 20. Qb3 Bf5 21. b6 Qd7 22. Bb5 Nc6 23. bxa7+ Ka8 24. Qa4 Qc7 25. Nd2 Rd5 26. Qb3 {Tempone,M (2415)-Slipak,S (2450) Buenos Aires 1995 0-1}) 12. Nd2 Nge7 13. Bh5+ (13. Bd3 $5 O-O 14. Re1) 13... Ng6 (13... g6 $5 14. g3 Qc7 (14... Qf5 15. Bg4 $16) 15. Ne4 (15. Bxf6 O-O 16. Bxe7 Qxe7 $10) 15... O-O 16. Be2 e5 17. Nxc5 b6 $13 (17... Bh3 18. Bg4 $5 Bxf1 19. Ne6 Qb6 20. Qxf1 Rfc8 21. c5 Qa6 22. Be2 Qa4 23. Bc4 Kh8 24. b3 Qa3 25. f4 $40)) 14. g3 (14. Qc2 Qh6 $15) 14... Qc7 15. Ne4 O-O (15... b6 16. Nd6+ Ke7 17. Nb5 $36) 16. Nxc5 Nce5 17. Ne4 (17. Bxg6 Nxg6 18. Qd4 Ne5 $15) 17... Qxc4 (17... Rd8 18. Qb3 Qxc4 19. Qxc4 Nxc4 20. Rfd1 $44) (17... Nxc4 18. Rc1 $36) 18. Nd6 Qa6 (18... Qc5 19. Rc1 Rd8 20. Ne4 Qb6 21. Qc2 $13) 19. f4 Nd3 20. Rf3 Qb6+ 21. Kh1 Nc5 (21... Nf2+ $2 22. Rxf2 Qxf2 23. Bd4 $18) (21... Qxd6 22. Rxd3 $44) 22. b4 Na6 23. a4 (23. a3 Rd8 24. Rd3 $44) 23... Rd8 (23... Nxb4 24. Bxb4 Qxb4 25. Rb3 Qc5 26. Bf3 Rd8 27. Rd3 $132) 24. Rd3 Nxb4 25. Bxb4 Qxb4 26. Bf3 Qa5 27. Rc1 (27. Nc4 Rxd3 28. Nxa5 Rxd1+ 29. Rxd1 Kf7 30. Rd8 Ke7 31. Rg8 Kf7 $10) 27... Ne7 $6 28. f5 (28. Nxc8 Raxc8 29. Rxc8 Rxc8 30. Bxb7 Rc4 $17) (28. Nf5 $1 Nd5 (28... Rxd3 29. Nxe7+ Kf7 30. Qxd3 Kxe7 31. Qxh7 $18) 29. Ne7+ Kh8 30. Nxd5 exd5 31. Rxd5 Rxd5 32. Qxd5 Qxd5 33. Bxd5 $10) (28. Qe2 Kf8 29. Rcd1 (29. Bxb7 Rxd6 30. Bxa8 Ba6) 29... Qxa4 $1 (29... Qa6 30. Nb5 Rxd3 31. Qxd3 $16) 30. Rd4 Qb3 $13) (28. Nc4 Rxd3 29. Qxd3 Qc7 30. Rd1 Nc6 $13) (28. Qb3 $5 Qb6 (28... Nd5 29. Rxd5 exd5 30. Bxd5+ Kf8 31. Bg8 $1 Rd7 32. Qe6 $1 Qd8 33. Bxh7 Rxd6 34. Qg8+ Ke7 35. Qxg7+ Ke6 36. Bg8+ Kf5 37. Re1 $18) (28... Kf8 29. Rcd1 $5) 29. Qa3 (29. Rxc8 Qxb3 30. Rxd8+ Rxd8 31. Rxb3 Rxd6 32. Rxb7 $14) 29... a5 $8 (29... Qf2 30. a5 a6 31. Ne4 Rxd3 32. Qxd3 Qb2 33. Qd8+ Kf7 34. Nd6+ Kg6 35. Qe8+ Kh6 36. Qh5#) 30. Rcd1 (30. f5 Qb4 $1 (30... Nxf5 31. Nxf5 exf5 32. Qc5 $1 Qxc5 33. Rxd8+ Qf8 34. Bd5+ $18) 31. Nxc8 Raxc8 (31... Qxa3 $4 32. Rxd8+ Kf7 33. Nd6+ $18) 32. Rxc8 Rxc8 33. Qxb4 axb4 34. fxe6 $10) (30. Nc4 Rxd3 (30... Qc7 31. Qc5 $1 Qxc5 (31... Nc6 32. Rxd8+ Qxd8 33. Rd1 Qc7 34. Qb6 $1 $18) 32. Rxd8+ Kf7 33. Nd6+ $18) 31. Qxd3 (31. Qxe7 Qd8 32. Qxd8+ Rxd8 33. Nb6 Rb8 34. Rc7 e5) 31... Qc7) 30... Qb4 (30... Rf8 31. Nxc8 Nxc8 32. Rb3 $1 Qf2 33. Rb2 Qa7 34. Rxb7 Qa6 35. Qxf8+ Kxf8 36. Rd8#) 31. Qa2 Ra6 32. Nxc8 Rxc8 33. Rb3 $18) 28... Kf8 (28... exf5 $2 29. Qb3+) (28... Nxf5 29. Nxf5 Rxd3 30. Ne7+ Kf7 31. Qxd3 Kxe7 32. Qxh7 $40) 29. Bg2 (29. fxe6 Bxe6 30. Nxb7 Rxd3 31. Qxd3 Qf5 32. Qxf5 Nxf5 $15) (29. Nxc8 Rxd3 30. Qxd3 Rxc8 31. Rxc8+ Nxc8 32. Bxb7 Qc7 33. Bxc8 Qxc8 34. fxe6 Qxe6 35. Qxh7 Qc6+ 36. Kg1 Qxa4 $17) (29. Qe2 Nxf5 30. Nxf5 exf5 31. Rc5 Qb6 32. Rb5 Qc7 33. Rc5 Qe7 $1) (29. Be4 Qe5 $1 30. Rc7 exf5 $1 (30... Rxd6 31. Rxd6 Qxe4+ 32. Kg1 Qe3+ 33. Kf1 exf5 34. Rd8+ Kf7 35. Qh5+ Ke6 36. Rxe7+ Kxe7 37. Qe8#)) 29... g6 (29... Nxf5 30. Nxf5 Rxd3 31. Qxd3 exf5 32. Qd6+ Ke8 (32... Kf7 $2 33. Rc7+ Kg6 34. Qe7 $18) 33. Rxc8+ Rxc8 34. Qe6+ Kd8 35. Qd6+ $10) (29... exf5 30. Qb3) 30. fxg6 (30. fxe6 Bxe6 31. Nxb7 Rxd3 32. Qxd3 Qg5 $13) 30... hxg6 31. Qb3 $6 (31. Ne4 Rxd3 32. Qxd3 Nd5 (32... Kg7 33. Qd6 Nd5 (33... Nf5 34. Rc7+ Kh6 35. Qf8+ $18) (33... Nc6 34. Nxf6 Kxf6 35. Qf8+ Kg5 36. Rc5+ $18) 34. Nxf6 Kxf6 35. Qf8+ Ke5 36. Qg7+ $5 Kd6 37. Qf8+ $10) 33. Nxf6 Nxf6 34. Qd6+ (34. Qxg6 Qf5 35. Qh6+ Kf7 36. Rf1 Qg6) 34... Kf7 (34... Kg7 $2 35. Qe7+) (34... Kg8 35. Qe7 Nh5 36. Qe8+ Kh7 37. Be4 Qg5 38. Rc7+ Ng7 39. Qf7 Qh6 40. g4 $18) 35. Rc7+ Bd7 36. Rxd7+ Nxd7 37. Qxd7+ Kf6 $13) 31... Nc6 32. Nc4 (32. Nxc8 Raxc8 33. Qxe6 Qe5 $10) (32. Bxc6 bxc6 33. Nxc8 Raxc8 34. Qxe6 Qe5 35. Qxe5 fxe5 36. Rxd8+ Rxd8 37. Rxc6 $14) 32... Qc7 33. Rxd8+ Qxd8 (33... Nxd8 $5) 34. Rd1 Qe7 35. Nd6 e5 36. Qe3 Kg7 $6 (36... Bg4 $1 37. Qh6+ Qg7 38. Qxg7+ Kxg7 39. Rb1 Na5 40. Rb5 Rd8 $1) 37. Qc5 Bd7 (37... Kh7 38. Nxb7 Bxb7 39. Qxe7+ Nxe7 40. Bxb7 Re8 41. Rd7 Kh6 $15) 38. Nxb7 (38. Bxc6 Bxc6+ 39. Kg1 Qe6 $17) 38... Qxc5 39. Nxc5 Be8 40. Ne6+ Kf7 41. Nc7 Rc8 42. Nxe8 Kxe8 43. Rd6 Nd4 44. Rxf6 Ke7 (44... Rc1+ 45. Rf1) 45. Rf1 Rc4 46. Be4 g5 47. Rf7+ $1 Kxf7 48. Bd5+ Kf6 49. Bxc4 e4 50. Kg2 e3 (50... e3 51. h4 $10) 1/2-1/2